000 00820nam a2200265Ia 4500
003 OSt
005 20220927110803.0
006 a|||||r|||| 00| 0
007 ta
008 220926b |||||||| |||| 00| 0 eng d
024 _a88040
037 _cReports
040 _aRTL
_cRTL
_beng
041 _2eng
_aeng
082 _a"X9(HZ):75.3.N72t, L6/GD"
110 _a"India, Economics And Social Affairs"
_9380324
245 0 _aPlanning over central control mineral working
260 _aLondon
_bHMSO UK
_c1976
300 _a"viii, 448p."
_ccm.
500 _a"Great Britain, environment(deptt of-), publication."
650 _aMinings
700 _a"India, Economics And Social Affairs"
_9380325
942 _h"X9(HZ):75.3.N72t, L6/GD"
_cCC
999 _c697948
_d697948